00501nam a2200169 i 450000100060000000300090000600500170001500700030003200800410003510000180007624501010009426000410019530000280023670000240026470000210028885200220030923737ES-MaACL20230906152927.0t|021212s1919 fr ||||1| fre d1 aAdes, Albert.13aLe livre de Goha le Simple / cpar Albert Ades et Albert Josipovici ; preface de Octave Mirbeau. aParís : bCalmann-Lévy, c[1919] aVIII, 390 p. ; c19 cm.1 aJosipovici, Albert.1 aMirbeau, Octave. aES-MaACLjF-10774